Doctor Who Story Titles (No "The") - Statistics

General Stats
  • This quiz has been taken 142 times
    30 since last reset
  • The average score is 76 of 108
Answer Stats
Year Answer % Correct
2024 Boom
100%
2005 Rose
100%
2010 A Christmas Carol
93%
2007 Blink
93%
2005 Boom Town
93%
2011 Closing Time
93%
2005 Dalek
93%
2006 Fear Her
93%
2013 Hide
93%
2011 Let's Kill Hitler
93%
2006 Love & Monsters
93%
2008 Midnight
93%
2006 New Earth
93%
1974 Robot
93%
2018 Rosa
93%
2024 Space Babies
93%
2017 Twice upon a Time
93%
2007 42
86%
2011 A Good Man Goes to War
86%
2005 Aliens of London/World War Three
86%
2006 Army of Ghosts/Doomsday
86%
2013 Cold War
86%
2014 Deep Breath
86%
2024 Dot and Bubble
86%
2005 Father's Day
86%
2007 Gridlock
86%
2018 Kerblam!
86%
2014 Listen
86%
2025 Lux
86%
2008 Partners in Crime
86%
2006 School Reunion
86%
2017 Smile
86%
2007 Smith and Jones
86%
2006 Tooth and Claw
86%
2008 Turn left
86%
2023 Wild Blue Yonder
86%
2024 73 Yards
79%
2010 Amy's Choice
79%
1963 An Unearthly Child
79%
2012 A Town Called Mercy
79%
2014 Dark Water/Death in Heaven
79%
2012 Dinosaurs on a Spaceship
79%
2017 Extremis
79%
2014 Flatline
79%
2015 Heaven Sent
79%
2015 Hell Bent
79%
2018 It Takes You away
79%
2017 Knock Knock
79%
2013 Nightmare in Silver
79%
2017 Oxygen
79%
2014 Robot of Sherwood
79%
2015 Sleep No More
79%
2017 Thin Ice
79%
2014 Time Heist
79%
2017 Empress of Mars
71%
2021 Flux
71%
2014 Last Christmas
71%
2011 Night Terrors
71%
2020 Praxeus
71%
2019 Resolution
71%
2020 Spyfall
71%
1989 Survival
71%
2020 Can You Hear Me?
64%
1996 Doctor Who
64%
2024 Empire of Death
64%
1981 Logopolis
64%
2025 Lucky Day
64%
1964 Marco Polo
64%
2024 Rogue
64%
1970 Spearhead from Space
64%
1982 Castrovalva
57%
1983 Enlightenment
57%
1965 Galaxy 4
57%
1970 Inferno
57%
1982 Kinda
57%
1983 Mawdryn Undead
57%
1980 Meglos
57%
2020 Nikola Tesla's Night of Terror
57%
2020 Orphan 55
57%
1987 Paradise Towers
57%
1983 Snakedance
57%
1983 Terminus
57%
1982 Black Orchid
50%
1979 City of Death
50%
1987 Dragonfire
50%
1982 Earthshock
50%
1984 Frontios
50%
1980 Full Circle
50%
1989 Ghost Light
50%
1988 Silver Nemesis
50%
1980 State of Decay
50%
1982 Time-Flight
50%
1985 Timelash
50%
1985 Vengeance on Varos
50%
1983 Arc of Infinity
43%
1989 Battlefield
43%
1973 Carnival of Monsters
43%
1971 Colony in Space
43%
1982 Four to Doomsday
43%
1973 Frontier in Space
43%
1979 Nightmare of Eden
43%
1975 Planet of Evil
43%
1964 Planet of Giants
43%
1975 Pyramids of Mars
43%
1978 Underworld
43%
1981 Warriors' Gate
43%
1977 Horror of Fang Rock
36%
1984 Planet of Fire
36%
No matching quizzes found
Score Distribution
Percent of People with Each Score
Percentile by Number Answered
Your Score History
You have not taken this quiz since the last reset